[Event "Haninge"]
[Site "Haninge"]
[Date "1992.??.??"]
[Round "9"]
[White "Andersson, Ulf"]
[Black "Cifuentes Parada, Roberto"]
[Result "1/2-1/2"]
[WhiteElo "2605"]
[BlackElo "2540"]

1.c4 e6 2.Nf3 Nf6 3.d4 d5 4.Nc3 dxc4 5.e3 a6 6.a4 c5 7.Bxc4 Nc6 8.O-O Be7
9.Qe2 cxd4 10.Rd1 e5 11.exd4 exd4 12.Nxd4 Nxd4 13.Qe5 Qd6 14.Qxd4 Qxd4 15.Rxd4 O-O
16.Bf4 Bf5 17.Bd6 Rfd8 18.Rad1 Rxd6 19.Rxd6 Bxd6 20.Rxd6 Rc8 21.f3 Kf8 22.Ba2 Bd7
23.Kf2 Rc5 24.h4 Ke7 25.Rd4 Bc6 26.Ke3 h6 27.Bc4 a5 28.Kd2 Re5 29.Bb5 Rc5
30.b4 axb4 31.Rxb4 Nd5 32.Nxd5+ Bxd5 33.Kd3 Rc1 34.Bc4 Be6 35.Bb5 Bd5 36.Rd4 Be6
37.Ke3 Rc2 38.g3 g5 39.hxg5 hxg5 40.Bd3 Rb2 41.Bb5 Rb3+ 42.Rd3 b6  1/2-1/2

[Event "Haninge"]
[Site "Haninge"]
[Date "1992.??.??"]
[Round "10"]
[White "Hansen, Lars Bo"]
[Black "Andersson, Ulf"]
[Result "1/2-1/2"]
[WhiteElo "2535"]
[BlackElo "2605"]

1.d4 Nf6 2.Nf3 e6 3.c4 Bb4+ 4.Bd2 Bxd2+ 5.Qxd2 O-O 6.g3 d5 7.Bg2 Nbd7 8.Qc2 b6
9.cxd5 Nxd5 10.Nc3 Bb7 11.Nxd5 Bxd5 12.e4 Bb7 13.O-O Rc8 14.Rad1 c6 15.e5 Rc7
16.Nd2 c5 17.Bxb7 cxd4 18.Qe4 Nc5 19.Qg4 Nxb7 20.Ne4 Kh8 21.Nd6 Nxd6 22.Rxd4 Rc5
23.Rxd6 Qc7 24.Qd4 h6 25.Rd7 Qxe5 26.Qxe5 Rxe5 27.Rxa7  1/2-1/2

[Event "Manila ol (Men)"]
[Site "Manila"]
[Date "1992.??.??"]
[Round "?"]
[White "Ftacnik, Lubomir"]
[Black "Andersson, Ulf"]
[Result "1/2-1/2"]
[WhiteElo "2550"]
[BlackElo "2605"]

1.d4 Nf6 2.c4 e6 3.Nf3 Bb4+ 4.Bd2 Bxd2+ 5.Qxd2 d5 6.g3 Nbd7 7.Bg2 c6 8.Qc2 O-O
9.Nbd2 b6 10.O-O Bb7 11.Rfd1 Qe7 12.e4 dxe4 13.Nxe4 c5 14.Nxf6+ Nxf6 15.Qe2 cxd4
16.Nxd4 Bxg2 17.Kxg2 a6 18.Kg1 Rac8 19.b3 h6 20.Nf3 Rfd8 21.Ne5 Qc7 22.Rac1 Rxd1+
23.Rxd1 b5 24.Rd4 Qb7 25.Qd3 bxc4 26.Rxc4  1/2-1/2

[Event "Manila ol (Men)"]
[Site "Manila"]
[Date "1992.??.??"]
[Round "?"]
[White "Andersson, Ulf"]
[Black "Xu Jun"]
[Result "1/2-1/2"]
[WhiteElo "2605"]
[BlackElo "2535"]

1.Nf3 c5 2.c4 Nc6 3.Nc3 Nd4 4.e3 Nxf3+ 5.Qxf3 g6 6.b3 Bg7 7.Bb2 d6 8.Qd1 Nf6
9.Be2 O-O 10.Bf3 Rb8 11.O-O a6 12.d4 b5 13.dxc5 bxc4 14.cxd6 Qxd6 15.Qxd6 exd6
16.Nd5 Nxd5 17.Bxg7 Kxg7 18.Bxd5 cxb3 19.axb3 Rb6 20.h3 Be6 21.Rfd1 Rc8 22.Rd4 Bxd5
23.Rxd5 Rc3 24.Rda5 Rcxb3 25.Rxa6  1/2-1/2

[Event "Manila ol (Men)"]
[Site "Manila"]
[Date "1992.??.??"]
[Round "?"]
[White "Andersson, Ulf"]
[Black "Godena, Michele"]
[Result "1-0"]
[WhiteElo "2605"]
[BlackElo "2425"]

1.d4 d5 2.c4 c6 3.cxd5 cxd5 4.Nc3 Nf6 5.Nf3 Nc6 6.Bf4 Bf5 7.e3 e6 8.Qb3 Bb4
9.Bb5 O-O 10.O-O Bxc3 11.Qxc3 Rc8 12.Rfc1 Qb6 13.Qc5 Nxd4 14.Qxb6 Nxf3+ 15.gxf3 axb6
16.Bc7 Ne8 17.Bxb6 Nd6 18.Bd7 Rxc1+ 19.Rxc1 Nc4 20.Bd4 Rd8 21.Bb5 e5 22.Bxc4 dxc4
23.Bxe5 Bh3 24.f4 Rd2 25.Bc3 Rd6 26.f5 Bxf5 27.f3 Rg6+ 28.Kf2 Rh6 29.e4 Be6
30.Rd1 f6 31.Rd8+ Kf7 32.Rb8 Rxh2+ 33.Kg3 Rh1 34.Rxb7+ Kg8 35.a4 h5 36.Re7 Bf7
37.a5 Kf8 38.Bb4 Rg1+ 39.Kf4 g5+ 40.Kf5 Rf1 41.Kxf6 Rxf3+ 42.Kxg5 Rg3+ 43.Kf5 Rf3+
44.Kg5 Rg3+ 45.Kf4 Rg4+ 46.Kf3 Rg6 47.a6 Kg7 48.Bc3+  1-0

[Event "Manila ol (Men)"]
[Site "Manila"]
[Date "1992.??.??"]
[Round "?"]
[White "Andersson, Ulf"]
[Black "Bologan, Viktor"]
[Result "1/2-1/2"]
[WhiteElo "2605"]
[BlackElo "2585"]

1.Nf3 Nf6 2.d4 d5 3.c4 c6 4.cxd5 cxd5 5.Nc3 Nc6 6.Bf4 a6 7.Rc1 Qb6 8.Na4 Qa5+
9.Bd2 Qd8 10.e3 Ne4 11.Qb3 Nxd2 12.Nxd2 e6 13.Nb6 Ra7 14.Nxc8 Qxc8 15.Bd3 Bd6
16.O-O O-O 17.f4  1/2-1/2

[Event "Manila ol (Men)"]
[Site "Manila"]
[Date "1992.??.??"]
[Round "?"]
[White "Renet, Olivier"]
[Black "Andersson, Ulf"]
[Result "1/2-1/2"]
[WhiteElo "2495"]
[BlackElo "2605"]

1.e4 c5 2.Nf3 Nc6 3.d4 cxd4 4.Nxd4 Nf6 5.Nc3 e6 6.Ndb5 Bb4 7.a3 Bxc3+ 8.Nxc3 d5
9.exd5 Nxd5 10.Bd2 Nxc3 11.Bxc3 Qxd1+ 12.Rxd1 f6 13.Bc4 Bd7 14.O-O O-O-O
15.Rd3 e5 16.f4 exf4 17.Rxf4 Rhe8 18.Rg3 Re7 19.Bd3 h6 20.Re4 Rde8 21.Rxe7 Rxe7
22.Kf2 Kc7 23.Bd2 g5 24.Bc3 Ne5 25.Be2 Bf5 26.Bd4 Re6 27.Rc3+ Rc6 28.Rxc6+ Kxc6
29.c4 a5 30.b4 axb4 31.axb4 b6 32.Ke3 Be6 33.Bxe5 fxe5 34.Ke4 Kd6 35.c5+ bxc5
36.bxc5+ Kxc5 37.Kxe5 Bb3 38.Kf6 Kd4 39.Kg6 Ke5 40.Kxh6 Kf6 41.Bd3  1/2-1/2

[Event "Tilburg"]
[Site "Tilburg"]
[Date "1992.??.??"]
[Round "1"]
[White "Andersson, Ulf"]
[Black "Chandler, Murray G"]
[Result "1-0"]
[WhiteElo "2605"]
[BlackElo "2575"]

1.d4 Nf6 2.Nf3 e6 3.c4 c5 4.e3 d5 5.Nc3 Nc6 6.a3 a6 7.dxc5 Bxc5 8.b4 Ba7
9.Bb2 O-O 10.Be2 dxc4 11.Bxc4 Qe7 12.O-O Rd8 13.Qc2 b5 14.Bd3 Bb7 15.Ne4 Nd7
16.Rfd1 f5 17.Ng3 Nf6 18.Qb3 Kh8 19.Bxf5 exf5 20.Nxf5 Qf8 21.Ng5 Rxd1+ 22.Rxd1 Rd8
23.Ne6 Qf7 24.Nfxg7 Rxd1+ 25.Qxd1 Bb8 26.Nh5 Ne5 27.Qd8+ Ne8 28.Qxb8  1-0

[Event "Eksjo m"]
[Site "Eksjo"]
[Date "1993.??.??"]
[Round "1"]
[White "Andersson, Ulf"]
[Black "Hellers, Ferdinand"]
[Result "1/2-1/2"]
[WhiteElo "2625"]
[BlackElo "2565"]

1.Nf3 Nf6 2.d4 g6 3.Bf4 Bg7 4.e3 O-O 5.h3 d6 6.Be2 c5 7.c3 Be6 8.Nbd2 cxd4
9.exd4 Nc6 10.O-O Qb6 11.Qb1 Rac8 12.Re1 Rfe8 13.Bd3 Bd5 14.Be3 Nh5 15.Be4 Nf6
16.Bd3 Nh5 17.Be4 Nf6  1/2-1/2

[Event "Eksjo m"]
[Site "Eksjo"]
[Date "1993.??.??"]
[Round "2"]
[White "Hellers, Ferdinand"]
[Black "Andersson, Ulf"]
[Result "1-0"]
[WhiteElo "2565"]
[BlackElo "2625"]

1.e4 e6 2.d4 d5 3.Nc3 dxe4 4.Nxe4 Bd7 5.Nf3 Bc6 6.Bd3 Nd7 7.O-O Ngf6 8.Neg5 Bxf3
9.Qxf3 c6 10.Re1 Be7 11.c3 Nf8 12.Qh3 Qc7 13.g3 Bd6 14.c4 Qd7 15.Be3 h6 16.Rad1 N8h7
17.Nxh7 Nxh7 18.d5 cxd5 19.cxd5 e5 20.Bf5 Qe7 21.f4 e4 22.Bxe4 Nf6 23.Bb1 O-O
24.g4 Rfe8 25.g5 Bc5 26.Kh1 Bxe3 27.gxf6 Qc5 28.Qg3 g5 29.Qh3 Bd4 30.Qxh6  1-0

[Event "Eksjo m"]
[Site "Eksjo"]
[Date "1993.??.??"]
[Round "3"]
[White "Andersson, Ulf"]
[Black "Hellers, Ferdinand"]
[Result "1/2-1/2"]
[WhiteElo "2625"]
[BlackElo "2565"]

1.Nf3 Nf6 2.d4 g6 3.g3 Bg7 4.Bg2 O-O 5.O-O d5 6.Nbd2 a5 7.c4 c6 8.b3 Bf5
9.Bb2 a4 10.Re1 Ne4 11.Nxe4 Bxe4 12.e3 c5 13.Qe2 axb3 14.axb3 Rxa1 15.Rxa1 Qb6
16.dxc5 Qxc5 17.Bxg7 Kxg7 18.Qb2+ Kg8 19.Qd4 Qxd4 20.Nxd4 Bxg2 21.Kxg2 dxc4
22.bxc4 Nd7 23.Rb1 Rb8 24.Rb5 e6 25.c5 Rc8 26.Rxb7  1/2-1/2

[Event "Eksjo m"]
[Site "Eksjo"]
[Date "1993.??.??"]
[Round "4"]
[White "Hellers, Ferdinand"]
[Black "Andersson, Ulf"]
[Result "1/2-1/2"]
[WhiteElo "2565"]
[BlackElo "2625"]

1.e4 e6 2.d4 d5 3.Nc3 Nf6 4.e5 Nfd7 5.f4 c5 6.Nf3 Nc6 7.Be3 a6 8.Qd2 b5 9.dxc5 Bxc5
10.Bxc5 Nxc5 11.Qf2 Qb6 12.Bd3 Bb7 13.O-O h6 14.Ne2 d4 15.Nfxd4 Nxd3 16.cxd3 Nxd4
17.Nxd4 Rc8 18.Rac1 Rxc1 19.Rxc1 O-O 20.Nc6 Qc7 21.Qc5 Bxc6 22.Qxc6 Qa5 23.Ra1 Qd2
24.Qxa6 Qxb2 25.Rf1 Qd4+ 26.Rf2 Qa1+ 27.Rf1 Qd4+ 28.Rf2 Qxd3 29.h3 Rd8 30.Kh2 Qb1
31.Qc6 Qe1 32.Qf3 Rd1 33.Re2 Qg1+ 34.Kg3 g6 35.Qe3  1/2-1/2

[Event "Eksjo m"]
[Site "Eksjo"]
[Date "1993.??.??"]
[Round "5"]
[White "Andersson, Ulf"]
[Black "Hellers, Ferdinand"]
[Result "1/2-1/2"]
[WhiteElo "2625"]
[BlackElo "2565"]

1.d4 Nf6 2.Nf3 g6 3.Bg5 Bg7 4.Nbd2 O-O 5.e3 d5 6.c3 Nbd7 7.Be2 Re8 8.O-O e5
9.c4 exd4 10.Nxd4 Nc5 11.Qc2 c6 12.Bf3 dxc4 13.Nxc4 h6 14.Bf4 Nce4 15.Rfd1 Qe7
16.h3 Ng5 17.Nd6 Rd8 18.Bxg5 hxg5 19.Nxc8 Raxc8 20.Rd2 Nd5 21.Qb3 Rc7 22.Rad1 Rcd7
23.Bg4 Rd6 24.Nb5 cxb5 25.Rxd5 Rxd5 26.Rxd5 Rxd5 27.Qxd5 Bxb2 28.Qxb5 Bf6
29.Bf3 b6 30.g3 Kg7 31.Kg2 Qc7 32.Qd5 Qe5 33.Qd7 Qe7 34.Qc6 Qc5 35.Qb7 Qe7
36.Qa8 Be5 37.Bd5 Bf6 38.Qc6 Qc5 39.Qd7 Qe7 40.Qa4 Qc7 41.Qe8 Qe7 42.Qa8 Qc7
43.Bb3 Qd7 44.Qe4 b5 45.Qa8 Bc3 46.Bd5 a5 47.Bc6 Qf5 48.Be4 Qf6 49.Qc6  1/2-1/2

[Event "Eksjo m"]
[Site "Eksjo"]
[Date "1993.??.??"]
[Round "6"]
[White "Hellers, Ferdinand"]
[Black "Andersson, Ulf"]
[Result "1/2-1/2"]
[WhiteElo "2565"]
[BlackElo "2625"]

1.e4 e6 2.d4 d5 3.Nc3 Nf6 4.Bg5 dxe4 5.Nxe4 Be7 6.Bxf6 gxf6 7.Nf3 b6 8.Bc4 Bb7
9.Qe2 c6 10.O-O-O Qc7 11.Rhe1 Nd7 12.Kb1 O-O-O 13.Ba6 Bxa6 14.Qxa6+ Kb8 15.Qe2 Rhe8
16.a3 Bf8 17.c4 h6 18.Nc3 f5 19.d5 Bg7 20.Nd4 Bxd4 21.Rxd4 Nf6 22.Qd2 cxd5
23.cxd5 e5 24.Rh4 h5 25.Qg5 Nxd5 26.Nxd5 Rxd5 27.Qxf5 Red8 28.Qf3 Rd2 29.Rc1 Qd7
30.Rxh5 Qd4 31.Qc3 Qxc3 32.Rxc3 Rxf2 33.Rf3 Rxf3 34.gxf3 f6 35.Kc2 Kc7 36.Rh6 Rf8
37.Kd3 Kd6 38.Ke4 Ke6 39.f4 exf4 40.Rh7 Rc8 41.Kxf4 Rc4+ 42.Kf3 Rc2 43.Rxa7 Rxb2
44.h4 Kf5 45.a4 Rb3+ 46.Kf2 Kg4 47.a5  1/2-1/2

[Event "FRA"]
[Site "FRA"]
[Date "1993.??.??"]
[Round "?"]
[White "Andersson, Ulf"]
[Black "Guyot, Philippe"]
[Result "1-0"]
[WhiteElo "2625"]
[BlackElo "2295"]

1.d4 Nf6 2.Nf3 e6 3.g3 d5 4.Bg2 c5 5.O-O Nc6 6.c4 dxc4 7.Ne5 Nxe5 8.dxe5 Nd5
9.Na3 c3 10.bxc3 Nxc3 11.Qc2 Nd5 12.Rd1 Bd7 13.Nc4 Qc8 14.Bb2 Be7 15.Nd6+ Bxd6
16.exd6 O-O 17.Bxd5 exd5 18.Rxd5 b6 19.Bxg7 Kxg7 20.Rg5+ Kh8 21.Rh5 Bf5 22.Rxf5 Qe6
23.Rd1 Rad8 24.Rfd5 Rd7 25.e4 f6 26.f4 Re8 27.e5 f5 28.a4 Rg8 29.Qc4 h5 30.Rxc5  1-0

[Event "FRA"]
[Site "FRA"]
[Date "1993.??.??"]
[Round "?"]
[White "Kallai, Gabor"]
[Black "Andersson, Ulf"]
[Result "1/2-1/2"]
[WhiteElo "2450"]
[BlackElo "2625"]

1.d4 Nf6 2.c4 e6 3.Nf3 Bb4+ 4.Bd2 c5 5.Bxb4 cxb4 6.g3 b6 7.Bg2 Bb7 8.O-O O-O
9.a3 bxa3 10.Rxa3 d5 11.Ne5 Qe7 12.cxd5 Nxd5 13.Nc3 Nxc3 14.Rxc3 Bxg2 15.Kxg2 Qb7+
16.Kg1 Nd7 17.Nxd7 Qxd7 18.Qd3 Rfd8 19.e3 e5 20.Rfc1 exd4 21.Rc7 Qd5 22.Qxd4 Qxd4
23.exd4 g6 24.R1c3 Rxd4 25.Rf3 Rf8 26.Rxa7 Rb4 27.b3 f5 28.Rc3 Rf7 29.Ra8+ Kg7
30.Rb8 f4 31.Kg2 f3+ 32.Rxf3 Rxf3 33.Kxf3 Rxb3+ 34.Ke4 h5 35.h4 Rb1 36.f3 Kf6
37.Rf8+ Ke7 38.Rg8 Rb4+ 39.Ke5 Rb5+ 40.Ke4 Kf7 41.Rb8 Kg7 42.Kf4 Kf6 43.g4 Rb4+
44.Kg3 hxg4 45.fxg4 Rb3+  1/2-1/2

[Event "Haninge m"]
[Site "Haninge"]
[Date "1993.??.??"]
[Round "1"]
[White "Andersson, Ulf"]
[Black "Hellers, Ferdinand"]
[Result "1-0"]
[WhiteElo "2625"]
[BlackElo "2565"]

1.d4 Nf6 2.Nf3 g6 3.Bg5 Bg7 4.Nbd2 O-O 5.c3 d5 6.e3 Nbd7 7.Be2 Re8 8.O-O e5
9.c4 exd4 10.Nxd4 Nc5 11.Qc2 c6 12.Rad1 Ne6 13.Nxe6 Bxe6 14.Nb3 Qb6 15.Nd4 Ne4
16.Bf4 Rac8 17.Bf3 Bd7 18.h3 c5 19.Nb5 Bxb5 20.cxb5 Rcd8 21.Bxe4 dxe4 22.a4 a6
23.bxa6 bxa6 24.b3 Qb4 25.Rxd8 Rxd8 26.Rd1 Rxd1+ 27.Qxd1 h6 28.Qd8+ Kh7 29.Qd5 Kg8
30.g4 Qc3 31.Kg2 Qc2 32.a5 Qd3 33.Qxc5 Qd1 34.Qc8+ Kh7 35.Qxa6 Qf3+ 36.Kg1 Qd1+
37.Qf1 Qxb3 38.a6 Qa4 39.Bc7 Bf8 40.Bb6  1-0

[Event "Haninge m"]
[Site "Haninge"]
[Date "1993.??.??"]
[Round "2"]
[White "Hellers, Ferdinand"]
[Black "Andersson, Ulf"]
[Result "1/2-1/2"]
[WhiteElo "2565"]
[BlackElo "2625"]

1.e4 e6 2.d4 d5 3.Nc3 Nf6 4.e5 Nfd7 5.Nce2 c5 6.c3 Nc6 7.f4 cxd4 8.cxd4 f6
9.Nf3 Qb6 10.a3 Be7 11.b4 O-O 12.Rb1 a6 13.Qd3 Qd8 14.g3 Nb6 15.Bg2 Bd7 16.O-O Rc8
17.g4 Nc4 18.Ng3 Qb6 19.Kh1 g6 20.h4 f5 21.Bh3 Kh8 22.h5 fxg4 23.Bxg4 gxh5
24.Bxh5 Rg8 25.Rg1 Rcf8 26.Ra1 Be8 27.Bxe8 Rxe8 28.Ra2 Rg7 29.Rh2 Reg8 30.Rgg2 Bd8
31.Rh6 Qc7 32.Rgh2 Rf7 33.Nh5 Ne7 34.Nf6 Nf5 35.Rxh7+ Rxh7 36.Rxh7+ Qxh7+
37.Nxh7 Kxh7 38.Kh2 Be7 39.Nd2  1/2-1/2

[Event "Haninge m"]
[Site "Haninge"]
[Date "1993.??.??"]
[Round "4"]
[White "Hellers, Ferdinand"]
[Black "Andersson, Ulf"]
[Result "1/2-1/2"]
[WhiteElo "2565"]
[BlackElo "2625"]

1.e4 e6 2.d4 d5 3.Nc3 Nf6 4.e5 Nfd7 5.Nce2 c5 6.c3 Nc6 7.f4 cxd4 8.cxd4 f6
9.Nf3 Qb6 10.a3 Be7 11.Nc3 O-O 12.Bd3 fxe5 13.Na4 Qc7 14.dxe5 b5 15.Bxb5 Ba6
16.Bxa6 Qa5+ 17.Nc3 Qxa6 18.Qe2 Qb6 19.Qb5 g5 20.Qxb6 axb6 21.g3 Nc5 22.O-O g4
23.Ne1 Nb3 24.Rb1 Bc5+ 25.Kg2 Ncd4 26.Nd3 Nf5 27.Rd1 Rfc8 28.Bd2 h5 29.Nc1  1/2-1/2

[Event "Rubinstein mem"]
[Site "Polanica Zdroj"]
[Date "1993.??.??"]
[Round "1"]
[White "Andersson, Ulf"]
[Black "Hansen, Lars Bo"]
[Result "1/2-1/2"]
[WhiteElo "2625"]
[BlackElo "2560"]

1.d4 Nf6 2.Nf3 d5 3.c4 c6 4.cxd5 cxd5 5.Nc3 Nc6 6.Bf4 Ne4 7.e3 Nxc3 8.bxc3 g6
9.Bd3 Bg7 10.O-O O-O 11.e4 Bg4 12.h3 Bxf3 13.Qxf3 e5 14.dxe5 Bxe5 15.exd5 Bxf4
16.dxc6 bxc6 17.Rab1 Qf6 18.Be4 Rab8 19.c4 c5 20.Bd5 Kg7 21.g3 Rxb1 22.Rxb1 Rb8
23.Re1 Bg5 24.Qd3 Rb2 25.Re2 Rxe2 26.Qxe2 Qe7  1/2-1/2

[Event "Rubinstein mem"]
[Site "Polanica Zdroj"]
[Date "1993.??.??"]
[Round "4"]
[White "Sax, Gyula"]
[Black "Andersson, Ulf"]
[Result "1/2-1/2"]
[WhiteElo "2515"]
[BlackElo "2625"]

1.e4 e6 2.d4 d5 3.Nd2 c5 4.exd5 exd5 5.Bb5+ Bd7 6.Qe2+ Qe7 7.Bxd7+ Nxd7 8.dxc5 Qxe2+
9.Nxe2 Bxc5 10.Nb3 Bb6 11.Bf4 Ne7 12.O-O Nc5 13.Nxc5 Bxc5 14.Nc3 O-O-O 15.Rad1 Rd7
16.Rfe1 Bb4 17.Bd2  1/2-1/2

[Event "Rubinstein mem"]
[Site "Polanica Zdroj"]
[Date "1993.??.??"]
[Round "5"]
[White "Andersson, Ulf"]
[Black "Dorfman, Josif D"]
[Result "1/2-1/2"]
[WhiteElo "2625"]
[BlackElo "2555"]

1.d4 Nf6 2.Nf3 d6 3.Nc3 d5 4.Bf4 Bf5 5.e3 c6 6.Ne5 Nbd7 7.Bd3 Bxd3 8.cxd3 e6
9.Rb1 Be7 10.O-O O-O  1/2-1/2

[Event "Rubinstein mem"]
[Site "Polanica Zdroj"]
[Date "1993.??.??"]
[Round "6"]
[White "Romanishin, Oleg M"]
[Black "Andersson, Ulf"]
[Result "1/2-1/2"]
[WhiteElo "2615"]
[BlackElo "2625"]

1.d4 Nf6 2.Nf3 e6 3.g3 b5 4.Bg2 Bb7 5.O-O c5 6.Na3 a6 7.c4 b4 8.Nc2 cxd4
9.Nfxd4 Bxg2 10.Kxg2 Qc7 11.Qd3 Nc6 12.Qf3 Rc8 13.Nxc6 Qxc6 14.Qxc6 Rxc6
15.b3 d5 16.Ne3 dxc4 17.Nxc4 Be7 18.Bb2 O-O 19.Rac1 Rfc8 20.Rfd1 Kf8 21.Kf3 Ke8
22.e4 h5 23.h3 Bf8 24.Rc2 Nd7 25.Rcd2 Nb6 26.Ne5 Rc2 27.Bd4 Rxd2 28.Rxd2 Bc5
29.Bb2 Be7 30.Nd3 g6 31.Ke2 Nd7 32.Bd4 Bg5 33.f4 Be7 34.e5 g5 35.Be3 gxf4
36.gxf4 Nf8 37.Nb2 Rc3 38.Na4 Rc6 39.Nb2 Rc3 40.Nc4 Ng6 41.Rd3 Rc2+ 42.Rd2 Rc3
43.Kd1 Nh4 44.Rc2 Rxc2 45.Kxc2 Kd7 46.Kd3 Kc6 47.Ke4  1/2-1/2

[Event "Rubinstein mem"]
[Site "Polanica Zdroj"]
[Date "1993.??.??"]
[Round "7"]
[White "Andersson, Ulf"]
[Black "Markowski, Tomasz"]
[Result "1/2-1/2"]
[WhiteElo "2625"]
[BlackElo "2465"]

1.d4 Nf6 2.Nf3 g6 3.Bg5 Bg7 4.Nbd2 O-O 5.c3 d6 6.e4 c5 7.dxc5 dxc5 8.h3 Nc6
9.Be2 Qc7 10.O-O Rb8 11.Re1 b5 12.Be3 c4 13.Qc2 Rd8 14.Rad1 Bb7 15.Nf1 Rxd1
16.Rxd1 Nxe4 17.Qxe4 Nd4 18.Qxd4 Bxd4 19.Nxd4 e5 20.Nc2 Rd8 21.Rxd8+ Qxd8
22.f3 Qa5 23.Na3 a6 24.Nd2 f5 25.Kf1 Qd8 26.Ke1 h5 27.Nc2 Kg7 28.Bf2 h4 29.Ne3 Bc8
30.Bd1 g5 31.Bc2 Kf6 32.Kd1 Be6 33.a3 Qd7 34.Ke1 Qc6 35.Bd1 Bc8 36.Bc2 Be6
37.Bg1 Qd7 38.Ke2 Qc6 39.Bf2 Qd7 40.Nd1 Qc6 41.Nf1 Qd7 42.Nde3 Kf7 43.Bg1 Kf6
44.Bh2 Qc8 45.Bb1 Qd7 46.Bg1 Qd8 47.Bf2 Qd7 48.Ke1 Qd8 49.Bc2 Qd7 50.Bg1 Qd8
51.g4 hxg3 52.Nxg3 e4 53.Nef1 exf3 54.Bd4+ Kf7 55.Nxf5 Qc7 56.Kf2 Bxf5 57.Bxf5 Qf4
58.Bc8 a5 59.Be3 Qe4 60.Nd2 Qc2 61.Kxf3 Qxb2 62.Ne4 Qxa3 63.Ba6 Qa1 64.Nxg5+ Kg6
65.Bxb5 Qxc3 66.Ne4 Qd3 67.Nc5 Qf1+ 68.Kg3 Qe1+ 69.Kf3 Qf1+ 70.Kg3 Qe1+ 71.Kf3 c3
72.Nd3 Qd1+ 73.Ke4 a4 74.Nc1 a3 75.Bc4  1/2-1/2

[Event "Rubinstein mem"]
[Site "Polanica Zdroj"]
[Date "1993.??.??"]
[Round "8"]
[White "Andersson, Ulf"]
[Black "Hickl, Joerg"]
[Result "1/2-1/2"]
[WhiteElo "2625"]
[BlackElo "2570"]

1.d4 Nf6 2.Nf3 d6 3.Nc3 Nbd7 4.e4 e5 5.g3 Be7 6.Bg2 O-O 7.O-O c6 8.a4 b6
9.b3 Bb7 10.Ba3 a6 11.Re1 Re8  1/2-1/2

[Event "Rubinstein mem"]
[Site "Polanica Zdroj"]
[Date "1993.??.??"]
[Round "10"]
[White "Andersson, Ulf"]
[Black "Gdanski, Jacek"]
[Result "1-0"]
[WhiteElo "2625"]
[BlackElo "2485"]

1.Nf3 d6 2.d4 Bg4 3.e4 Nf6 4.Nc3 e6 5.h3 Bh5 6.Bg5 Be7 7.Be2 d5 8.exd5 Nxd5
9.Nxd5 exd5 10.Bxe7 Qxe7 11.O-O O-O 12.Re1 Qb4 13.Ne5 Bg6 14.Bf3 c6 15.Re3 Qd6
16.c4 dxc4 17.Nxc4 Qc7 18.Rc1 Nd7 19.d5 Rad8 20.d6 Qb8 21.Qb3 Bf5 22.Re7 Be6
23.Qb4 h6 24.Rd1 Bxc4 25.Qxc4 Nb6 26.Qb4 Rfe8 27.Rde1 Rf8 28.Rc7 Rfe8 29.Rxe8+ Rxe8
30.Qf4 Rf8 31.a4 Qe8 32.Re7 Qb8 33.a5 Nd5 34.Bxd5 cxd5 35.Qe5 Qc8 36.Rc7 Qd8
37.Qxd5 Qf6 38.d7 Qxb2 39.Rc8 Kh7 40.Rxf8 Qc1+ 41.Kh2  1-0

[Event "Rubinstein mem"]
[Site "Polanica Zdroj"]
[Date "1993.??.??"]
[Round "11"]
[White "Kuczynski, Robert"]
[Black "Andersson, Ulf"]
[Result "1/2-1/2"]
[WhiteElo "2520"]
[BlackElo "2625"]

1.e4 c5 2.Nf3 Nc6 3.Bb5 g6 4.Bxc6 dxc6 5.d3 Bg7 6.O-O Nf6 7.Nc3 O-O 8.Be3 b6
9.h3 Re8 10.Qd2 e5 11.Bg5 Qc7 12.Bh6 Bh8 13.Nh2 Nh5 14.Ne2 Bd7 15.b3  1/2-1/2

[Event "Biel op"]
[Site "Biel"]
[Date "1994.??.??"]
[Round "1"]
[White "Andersson, Ulf"]
[Black "Pape, Joerg"]
[Result "1-0"]
[WhiteElo "2620"]
[BlackElo "2310"]

1.Nf3 d6 2.d4 h6 3.e4 Nd7 4.Bd3 g5 5.Be3 Bg7 6.Nc3 a6 7.Ne2 e5 8.c3 Ne7 9.Ng3 g4
10.Nh4 Bf6 11.Nhf5 h5 12.Nxe7 Qxe7 13.Nf5 Qf8 14.Qb3 Qg8 15.O-O-O exd4 16.cxd4 Nb6
17.Nxd6+  1-0

[Event "Biel op"]
[Site "Biel"]
[Date "1994.??.??"]
[Round "2"]
[White "Anic, Darko"]
[Black "Andersson, Ulf"]
[Result "0-1"]
[WhiteElo "2445"]
[BlackElo "2620"]

1.Nf3 Nf6 2.c4 c5 3.g3 g6 4.Bg2 Bg7 5.O-O d5 6.d4 cxd4 7.Nxd4 O-O 8.cxd5 Nxd5
9.Nc3 Nb6 10.e3 a6 11.b3 Qc7 12.Bb2 e5 13.Nf3 Nc6 14.Qe2 h6 15.Rac1 Be6 16.Ne4 Rad8
17.Nc5 Bc8 18.Nxa6 Qe7 19.Nd2 Nd5 20.Nc5 f5 21.e4 Nd4 22.Bxd4 exd4 23.Qc4 fxe4
24.Ndxe4 Qf7 25.Nd3 Bf5 26.Rfe1 Kh7 27.h4 Rc8 28.Qb5 Rxc1 29.Rxc1 Nc3 30.Nxc3 dxc3
31.Ne5 Qe7 32.f4 c2 33.g4 Qa3 34.Qf1 Bxe5 35.gxf5 Qc5+ 36.Kh1 Rxf5 37.Qd3 Rxf4
38.Bh3 Qc6+ 39.Bg2 Rxh4+ 40.Kg1 Bd4+ 41.Qxd4 Rxd4  0-1

[Event "Biel op"]
[Site "Biel"]
[Date "1994.??.??"]
[Round "4"]
[White "Kelecevic, Nedeljko"]
[Black "Andersson, Ulf"]
[Result "1/2-1/2"]
[WhiteElo "2460"]
[BlackElo "2620"]

1.d4 Nf6 2.c4 e6 3.Nc3 Bb4 4.Qc2 O-O 5.a3 Bxc3+ 6.Qxc3 d6 7.Bg5 Nbd7 8.e3 b6
9.f3 c5 10.dxc5 bxc5 11.Nh3 Qb6 12.Rd1 Rb8 13.Rd2 h6 14.Bh4 Ba6 15.Bg3 e5
16.Nf2 Bb7 17.Nd1 d5 18.cxd5 Nxd5 19.Qc1 c4 20.e4 c3 21.bxc3 N5f6 22.Bf2 Qa5
23.Rd6 Qc7 24.Rd2 Qa5 25.Rd6 Qc7 26.Rd2  1/2-1/2

[Event "Biel op"]
[Site "Biel"]
[Date "1994.??.??"]
[Round "5"]
[White "Andersson, Ulf"]
[Black "Siegel, Georg"]
[Result "1-0"]
[WhiteElo "2620"]
[BlackElo "2385"]

1.Nf3 Nf6 2.c4 g6 3.g3 Bg7 4.Bg2 Nc6 5.O-O O-O 6.Nc3 d6 7.d3 Nh5 8.d4 f5
9.d5 Ne5 10.Nxe5 dxe5 11.Qb3 e6 12.Rd1 Qe7 13.Bd2 Rd8 14.Na4 Bf8 15.a3 Bd7
16.Nc3 Rab8 17.Be3 a6 18.Ba7 Ra8 19.Qxb7 e4 20.Qxc7 Rdc8 21.Qb7 Qe8 22.dxe6 Bxe6
23.Nd5 Qc6 24.Qxc6 Rxc6 25.Bd4 Rb8 26.Rac1 Rbc8 27.Bc3 Bxa3 28.bxa3 Bxd5
29.cxd5 Rxc3 30.Rxc3 Rxc3 31.d6 Rc8 32.e3 Nf6 33.Bf1 a5 34.d7 Rd8 35.Rd6 Ng4
36.Be2 Ne5 37.Rd5 Nf7 38.Bb5 Kf8 39.Ba4 Ra8 40.Bc6 Rb8 41.Rxa5 Nd8  1-0

[Event "Biel op"]
[Site "Biel"]
[Date "1994.??.??"]
[Round "6"]
[White "Lazarev, Vladimir"]
[Black "Andersson, Ulf"]
[Result "0-1"]
[WhiteElo "2435"]
[BlackElo "2620"]

1.d4 e6 2.c4 Bb4+ 3.Bd2 Bxd2+ 4.Qxd2 Nf6 5.Nc3 d5 6.e3 O-O 7.Bd3 dxc4 8.Bxc4 Qe7
9.Nf3 c5 10.O-O Nc6 11.Rad1 Rd8 12.Qe2 Bd7 13.a3 Rac8 14.h3 a6 15.Ba2 Be8
16.dxc5 Qxc5 17.Rxd8 Rxd8 18.Rd1 Rc8 19.Nd2 Ne5 20.f4 Ng6 21.Nde4 Nxe4 22.Nxe4 Qb6
23.Nd6 Rd8 24.Nc4 Qc7 25.Rxd8 Qxd8 26.Qd2 Qxd2 27.Nxd2 Kf8 28.Bb1 Bc6 29.Be4 Ne7
30.Kf2 h6 31.g4 Ke8 32.h4 Kd7 33.h5 f6 34.b4 Nd5 35.Nb3 Kd6 36.Na5 b6 37.Nc4+ Kc7
38.Nd2 Nc3 39.Bd3 Bb5 40.Bc2 a5 41.Bb3 Kd6 42.Bc4 axb4 43.Bxb5 Nxb5 44.axb4 Nc3
45.e4 Na2 46.e5+ fxe5 47.Nc4+ Kd5 48.Nxb6+ Ke4 49.fxe5 Nxb4 50.Kg3 Kxe5 51.Nd7+ Kd6
52.Nb6 Nd5 53.Nc4+ Kc5 54.Ne5 Kd4 55.Nc6+ Ke4 56.g5 Nf4 57.Kg4 Nd3 58.gxh6 gxh6
59.Ne7 Ne5+ 60.Kg3 Nf7 61.Kg4 Ke5 62.Ng8 Kd5 63.Ne7+ Kd4 64.Nc6+ Ke3 65.Ne7 Ke4
66.Ng8 Ke5 67.Ne7 Kf6 68.Ng8+ Kg7 69.Ne7 Ne5+ 70.Kf4 Kf7 71.Nc8 Nd7 72.Nd6+ Ke7
73.Nc8+ Kf6 74.Nd6 e5+ 75.Kg4 Ke6 76.Nc4 Nf6+ 77.Kh4 Kd5 78.Ne3+ Ke4 79.Nc4 Kf4
80.Nd6 e4 81.Nb5 e3 82.Nd4 Ke4 83.Ne2 Kf3 84.Nd4+ Kf2 85.Nc2 e2 86.Kh3 Nd5
87.Kh4 Ne3 88.Nb4 Kf3 89.Nd3 Ng2+ 90.Kh3 Ke3 91.Nb4 Kd2  0-1

[Event "Biel op"]
[Site "Biel"]
[Date "1994.??.??"]
[Round "9"]
[White "Andersson, Ulf"]
[Black "Cvitan, Ognjen"]
[Result "1/2-1/2"]
[WhiteElo "2620"]
[BlackElo "2585"]

1.Nf3 Nf6 2.c4 g6 3.g3 Bg7 4.Bg2 O-O 5.O-O d5 6.cxd5 Nxd5 7.Nc3 Nc6 8.d4 Nb6
9.e3 Re8 10.h3 h6 11.b3 e5 12.dxe5 Nxe5 13.Nxe5 Bxe5 14.Bb2 Qe7 15.Qe2 a5  1/2-1/2

[Event "Biel op"]
[Site "Biel"]
[Date "1994.??.??"]
[Round "10"]
[White "Alterman, Vladimir I"]
[Black "Andersson, Ulf"]
[Result "0-1"]
[WhiteElo "2400"]
[BlackElo "2620"]

1.d4 Nf6 2.Nf3 e6 3.g3 b6 4.Bg2 Bb7 5.O-O c5 6.c4 cxd4 7.Nxd4 Bxg2 8.Kxg2 Be7
9.Nb5 O-O 10.Bf4 a6 11.N5c3 Qc8 12.Qd3 Nc6 13.Nd2 Qb7 14.e4 Rfd8 15.Rac1 h6
16.Bd6 Nb4 17.Qd4 Nc6 18.Qd3 Bxd6 19.Qxd6 b5 20.Rfd1 Rac8 21.cxb5 axb5 22.b4 Rb8
23.a3 Ne8 24.Qd3 Ne5 25.Qd4 d6 26.Nf3 Nxf3 27.Kxf3 Rdc8 28.Nb1 Nf6 29.Nd2 Qa6
30.Qb2 d5 31.exd5 Nxd5 32.Rxc8+ Rxc8 33.Rc1 Ra8 34.Nb1 Qb7 35.Ke2 Nb6 36.Nd2 Rd8
37.Qc3 Qd5 38.h4 Qf5 39.Qe3 Nd5 40.Qf3 Qe5+ 41.Kd1 Nf6 42.Kc2 Rd4 43.Rd1 Nd5
44.Nb1 Rxd1 45.Qxd1 Qf5+ 46.Kb3 Qxf2 47.Qd3 Qe1 48.Kb2 g5 49.hxg5 hxg5 50.g4 Kf8
51.Nd2 Qd1 52.Qd4 Ke8 53.Qh8+ Ke7 54.Qd4 Qe2 55.Qc5+ Kf6 56.Qd4+ Kg6 57.a4 bxa4
58.Ka3 Qd1 59.Qd3+ Kg7 60.Kb2  0-1